00563nam a2200193Ia 450000500170000000800410001702000180005804100120007608200170008810000240010524500860012925000120021526000410022730000220026865000220029065000130031265000140032570000300033920260429112111.0260429s9999||||xx |||||||||||||| ||und|| a9781774919385 aEnglish a620.192bTAT aTatrishvili, Tamara 0aAdvanced topics in polymer chemistry and materials science / cTamara Tatrishvili a1st ed. aUSA : bApple Academic Press,c2025. axxiii, 399 p.; hb a Material science a Polymer aChemistry a Abadie, Marc Jean Medard